000 00519nam a2200193Ia 4500
005 20250326143247.0
008 250326s9999 xx 000 0 und d
020 _a1-59139-503-8
037 _aTextbook
040 _aFMSL
_beng
_cFMSL
041 _aeng
_2eng
084 _aX8(A):8 P4
_qFMSL
100 _aHBS
_9747726
245 0 _aWhen change comes undone
_cHBS
260 _aBoston
_bBoston, Harvard Busienss School
_c2004
300 _a180p
942 _cTB
_hX8(A):8 P4
999 _c1298821
_d1298821